Educational Technology Example Quiz #2 - Statistics

General Stats
  • This quiz has been taken 25 times
  • The average score is 4 of 6
Answer Stats
Picture Answer % Correct
Mr. Bean
100%
Martin Luther King Jr
83%
Taj Mahal
78%
Soccer
67%
Yoda
67%
Alamo
28%
No matching quizzes found
Score Distribution
Percent of People with Each Score
Percentile by Number Answered
Your Score History
You have not taken this quiz